[Event "AUTO-INT-2705"]
[Site "http://www.queenalice.com/game.php?id=1209313"]
[Date "2013.8.18"]
[Round "1"]
[White "pacou93"]
[Black "ZKTIE"]
[Result "1-0"]
[WhiteElo "1567"]
[BlackElo "1414"]

1. e4 e5 2. Nf3 Nc6 3. Bc4 Nf6 4. d3 Qe7 5. Bg5 h6 6. Be3 d6 7. O-O Nd4 8. Nxd4
exd4 9. Bxd4 Be6 10. Bxe6 Qxe6 11. Re1 d5 12. exd5 1-0

[Event "AUTO-INT-2705"]
[Site "http://www.queenalice.com/game.php?id=1209314"]
[Date "2013.8.18"]
[Round "1"]
[White "ZKTIE"]
[Black "Paraucho"]
[Result "0-1"]
[WhiteElo "1415"]
[BlackElo "1865"]

1. e4 c6 2. e5 d5 3. Nc3 Bf5 4. d4 e6 5. Bd3 Bxd3 6. cxd3 Qb6 7. Nf3 Ne7 8. b3
Nf5 9. Be3 Nxe3 10. fxe3 Bb4 11. Qc1 Qa5 12. O-O Bxc3 13. Rb1 Bb4 14. Qc2 O-O
15. Ng5 h6 16. Nf3 Nd7 17. h3 Be7 18. Qf2 c5 19. dxc5 Qxc5 20. d4 Qa5 21. Nh4
Bxh4 22. Qxh4 Qxa2 23. b4 Nb6 24. Ra1 Qd2 25. Qf4 Qxb4 26. Rad1 Nc4 27. Rf2 Qb3
28. Rdf1 Qxe3 29. Qg4 Nd2 30. Rd1 Ne4 31. Rf1 Nxf2 32. Rxf2 Rac8 0-1

[Event "AUTO-INT-2705"]
[Site "http://www.queenalice.com/game.php?id=1209315"]
[Date "2013.8.18"]
[Round "1"]
[White "Paraucho"]
[Black "ZKTIE"]
[Result "1-0"]
[WhiteElo "1841"]
[BlackElo "1417"]

1. e4 e5 2. Nf3 d6 3. Bc4 Nf6 4. Qe2 Be6 5. Bd3 Nc6 6. c3 Be7 7. O-O Qd7 8. Bc2
h6 9. Rd1 a6 10. d4 exd4 11. cxd4 d5 12. e5 Ne4 13. Bxe4 dxe4 14. Qxe4 O-O-O 15.
Nc3 Bf5 16. Qe2 f6 17. Bf4 fxe5 18. dxe5 Rhf8 19. Rxd7 Bxd7 20. Bg3 Rfe8 21. Qc4
Na5 22. Qf7 g5 23. Nd5 Bc5 24. e6 Bxe6 25. Qxc7# 1-0

[Event "Challenge"]
[Site "http://www.queenalice.com/game.php?id=1211269"]
[Date "2013.8.25"]
[Round "-"]
[White "recchdegomm1"]
[Black "ZKTIE"]
[Result "0-1"]
[WhiteElo "1346"]
[BlackElo "1413"]

1. d4 d5 2. Nf3 Nf6 3. Nh4 e6 4. Nc3 h6 5. e3 Ne4 6. Nxe4 dxe4 7. g3 f5 8. g4
Bd7 9. Ng6 Rg8 10. Rg1 Nc6 11. a3 Qf6 12. Nxf8 Rxf8 13. d5 exd5 14. f4 O-O-O 15.
g5 hxg5 16. h3 gxf4 17. Qh5 f3 18. h4 g6 19. Qh6 Rh8 20. Qg5 Qxg5 21. hxg5 Ne5
22. a4 Ng4 23. a5 f2+ 24. Ke2 fxg1=Q 25. Bh3 Qf2+ 26. Kd1 Qf3+ 27. Kd2 Qxe3+ 28.
Kd1 Nf2# 0-1

[Event "Challenge"]
[Site "http://www.queenalice.com/game.php?id=1212722"]
[Date "2013.8.29"]
[Round "-"]
[White "ZKTIE"]
[Black "jeancarlo1910"]
[Result "0-1"]
[WhiteElo "1392"]
[BlackElo "2018"]

1. e4 c5 2. d3 Nc6 3. Nc3 e5 4. Nf3 d6 5. Be2 Nf6 6. Bg5 Be7 7. Nd5 Nxd5 8. exd5
Nd4 9. Bxe7 Qxe7 10. Nxd4 cxd4 11. Bf3 f5 12. O-O O-O 13. Qe2 f4 14. a3 b6 15.
Rfe1 Qg5 16. c4 Rf6 17. Qe4 Bf5 18. Qe2 Rh6 19. Rac1 Qh4 20. h3 Rg6 21. Be4 Bxe4
22. Qxe4 Qxh3 23. Kf1 Qd7 24. b4 Re8 25. c5 dxc5 26. bxc5 bxc5 27. Rxc5 Rd6 28.
f3 Qa4 29. Rc6 Qxa3 30. Rxd6 Qxd6 31. g4 a6 32. Kg1 g6 33. g5 a5 34. Ra1 Ra8 35.
Kg2 a4 36. Ra2 a3 37. Kh3 Ra5 38. Kg4 Rxd5 39. Rc2 Qe6+ 40. Kh4 Ra5 41. Rc6 Qe8
42. Kh3 a2 43. Rc1 a1=Q 44. Rxa1 Rxa1 45. Qd5+ Kh8 46. Kg2 Qe7 47. Qb3 Qxg5+ 0-1

[Event "Challenge"]
[Site "http://www.queenalice.com/game.php?id=1226801"]
[Date "2013.10.24"]
[Round "-"]
[White "recchdegomm1"]
[Black "ZKTIE"]
[Result "0-1"]
[WhiteElo "1359"]
[BlackElo "1390"]

1. d4 d5 2. c4 Nf6 3. cxd5 Nxd5 4. e4 Nf6 5. e5 Nd5 6. Nf3 e6 7. Qa4+ Bd7 8. Qb3
Nc6 9. Bd3 Bb4+ 10. Bd2 Na5 11. Qc2 Nc6 12. O-O Bxd2 13. Qxd2 Ncb4 14. Nc3 Nxc3
15. bxc3 Nxd3 16. Qxd3 c6 17. c4 Qe7 18. Rab1 b6 19. Qe3 c5 20. Qe4 O-O 21. dxc5
bxc5 22. Rb7 Rfb8 23. Rfb1 Rxb7 24. Rb5 Bxb5 25. cxb5 Rab8 26. Ne1 Rxb5 27. a3
Rb1 28. g4 Qh4 29. a4 R8b2 30. Qxb1 Rxb1 31. Kg2 Qxg4+ 32. Kf1 Qh3+ 33. Ke2 Rb2+
34. Nc2 Rxc2+ 35. Kd1 Qd3+ 36. Ke1 Qd2+ 37. Kf1 Qxf2# 0-1

[Event "Challenge"]
[Site "http://www.queenalice.com/game.php?id=1240905"]
[Date "2013.12.17"]
[Round "-"]
[White "ZKTIE"]
[Black "recchdegomm1"]
[Result "1-0"]
[WhiteElo "1405"]
[BlackElo "1315"]

1. e4 e5 2. Qf3 d6 3. Bc4 Nh6 4. d3 Be7 5. Bxh6 d5 6. Bxd5 O-O 7. Qg3 g6 8. Bxf8
Qxf8 9. Qxe5 Bd8 10. Nf3 Qb4+ 11. Nc3 Qf8 12. O-O c6 13. Bb3 h6 14. Nh4 Nd7 15.
Qd4 b5 16. Nxg6 Ba6 17. Qxd7 b4 18. Qxc6 Bb6 19. Nxf8 Rxf8 20. Nd5 Rd8 21. Ne7+
Kf8 22. Nd5 Bb5 23. Qxh6+ Ke8 24. Qh8+ Kd7 25. Qh3+ f5 26. Qxf5+ Kd6 27. Nf6 1-0

[Event "Challenge"]
[Site "http://www.queenalice.com/game.php?id=1253476"]
[Date "2014.2.3"]
[Round "-"]
[White "recchdegomm1"]
[Black "ZKTIE"]
[Result "0-1"]
[WhiteElo "1370"]
[BlackElo "1417"]

1. d4 d5 2. Nf3 Nc6 3. Bf4 Nf6 4. h3 h6 5. e3 e6 6. b3 Bb4+ 7. c3 Bd6 8. a4 a6
9. g4 g5 10. Bxd6 Qxd6 11. h4 gxh4 12. Rg1 Bd7 13. Rh1 Nxg4 14. Bh3 Rg8 15. Bxg4
Rxg4 16. Nh2 Rg2 17. f4 O-O-O 18. b4 Rdg8 19. Nf3 Ne7 20. Kf1 Nf5 21. Ke1 Nxe3
22. Qd3 Qxf4 23. Rf1 Nxf1 24. Kxf1 Rg1+ 25. Ke2 R8g2# 0-1

[Event "AUTO-OPEN-3212"]
[Site "http://www.queenalice.com/game.php?id=1265419"]
[Date "2014.3.16"]
[Round "1"]
[White "MSchatz"]
[Black "ZKTIE"]
[Result "1-0"]
[WhiteElo "1928"]
[BlackElo "1429"]

1. e4 e5 2. Nf3 Nc6 3. Bc4 Nf6 4. Nc3 Qe7 5. d3 d6 6. Bg5 h6 7. Bxf6 Qxf6 8. Nd5
Qd8 9. h3 Be6 10. O-O Be7 11. Bb5 Bxd5 12. exd5 a6 13. dxc6 axb5 14. cxb7 Rb8
15. Re1 Rxb7 16. Qd2 O-O 17. Rad1 b4 18. d4 exd4 19. Qxd4 c5 20. Qd5 Qb8 21. Re3
Rd7 22. Rde1 Re8 23. Ne5 Qd8 24. Qxf7+ Kh7 25. Nxd7 Qxd7 26. Rxe7 Rxe7 27. Rxe7
1-0

[Event "AUTO-OPEN-3212"]
[Site "http://www.queenalice.com/game.php?id=1265420"]
[Date "2014.3.16"]
[Round "1"]
[White "ZKTIE"]
[Black "MSchatz"]
[Result "0-1"]
[WhiteElo "1423"]
[BlackElo "1955"]

1. e4 e5 2. Nf3 Nc6 3. d3 Bc5 4. Be3 Bb6 5. Nc3 Nf6 6. Be2 d6 7. a3 Be6 8. h3
O-O 9. O-O Qd7 10. Qd2 Ne8 11. b4 f5 12. Nd5 f4 13. Bxb6 axb6 14. b5 Ne7 15. c4
Nf6 16. Nxf6+ Rxf6 17. Ng5 Rg6 18. Nxe6 Qxe6 19. Bg4 Qf6 20. Qe2 Rf8 21. f3 Kh8
22. Qf2 Ng8 23. a4 Qe7 24. Ra2 Nh6 25. Bh5 Rgf6 26. Rfa1 Ra8 27. a5 bxa5 28.
Rxa5 Rxa5 29. Rxa5 b6 0-1

[Event "AUTO-OPEN-3212"]
[Site "http://www.queenalice.com/game.php?id=1265441"]
[Date "2014.3.16"]
[Round "1"]
[White "ZKTIE"]
[Black "jupar"]
[Result "0-1"]
[WhiteElo "1431"]
[BlackElo "1947"]

1. e4 e5 2. Bb5 Nf6 3. Nc3 Bc5 4. h3 O-O 5. Nf3 a6 6. Qe2 axb5 7. Nxb5 c6 8. Nd6
Bxd6 9. d3 Bc7 10. Nxe5 Bxe5 11. Bg5 Qb6 12. O-O Bxb2 13. Rad1 Bd4 14. Be3 Bxe3
15. Qxe3 Qxe3 16. Rde1 Qd2 0-1

[Event "AUTO-OPEN-3212"]
[Site "http://www.queenalice.com/game.php?id=1265442"]
[Date "2014.3.16"]
[Round "1"]
[White "jupar"]
[Black "ZKTIE"]
[Result "1-0"]
[WhiteElo "1952"]
[BlackElo "1421"]

1. d4 d5 2. c4 Nf6 3. Nc3 e6 4. Nf3 Nc6 5. Bg5 h6 6. Bxf6 gxf6 7. e3 Bg7 8. Be2
f5 9. O-O Bd7 10. a3 a6 11. Rc1 Qe7 12. cxd5 exd5 13. Bd3 O-O-O 14. Qc2 h5 15.
Nxd5 Qd6 16. Bc4 Be6 17. Nb4 Nxb4 18. axb4 Qc6 19. Bxe6+ fxe6 20. Qb3 Qb5 21.
Rc5 Qd7 22. Rfc1 c6 23. b5 axb5 24. Qxb5 Bf8 25. Rxc6+ bxc6 26. Rxc6+ 1-0

[Event "AUTO-INT-2872"]
[Site "http://www.queenalice.com/game.php?id=1290268"]
[Date "2014.6.24"]
[Round "1"]
[White "dbwright308"]
[Black "ZKTIE"]
[Result "1-0"]
[WhiteElo "1696"]
[BlackElo "1415"]

1. e4 e5 2. d4 Qe7 3. d5 d6 4. Nf3 Bg4 5. h3 Bh5 6. g4 Bg6 7. Nc3 Nf6 8. Bd3
Nbd7 9. Nb5 Nc5 10. Be3 Qd7 11. Bxc5 dxc5 12. Nxe5 Qe7 13. Nxg6 hxg6 14. Qf3 g5
15. O-O-O a6 16. Na3 Qd6 17. e5 Qe7 18. exf6 gxf6 19. Nc4 1-0

[Event "AUTO-INT-2872"]
[Site "http://www.queenalice.com/game.php?id=1290269"]
[Date "2014.6.24"]
[Round "1"]
[White "ZKTIE"]
[Black "dbwright308"]
[Result "0-1"]
[WhiteElo "1410"]
[BlackElo "1701"]

1. e4 e5 2. Nf3 f6 3. Nc3 Nc6 4. d3 Nh6 5. Be2 Bc5 6. Be3 Bxe3 7. fxe3 Ng4 8. h3
Nxe3 9. Qd2 Nxg2+ 10. Kf2 Nf4 11. Rag1 g6 12. Nd5 Nxd5 13. exd5 Nd4 14. Nxd4
exd4 15. Ke1 O-O 16. Kd1 d6 17. Bh5 Kf7 18. Qh6 gxh5 0-1

[Event "AUTO-INT-2872"]
[Site "http://www.queenalice.com/game.php?id=1290284"]
[Date "2014.6.24"]
[Round "1"]
[White "B07109"]
[Black "ZKTIE"]
[Result "1-0"]
[WhiteElo "2010"]
[BlackElo "1419"]

1. Nf3 h6 2. g3 d5 3. Bg2 Nc6 4. d4 e6 5. O-O Nf6 6. Re1 Bb4 7. c3 Ba5 8. Ne5
Nxe5 9. dxe5 Ng4 10. Qa4+ Bd7 11. Qxg4 Rg8 12. Bxh6 Qe7 13. Bg5 f6 14. Bxf6 Qf7
15. Bg5 Bb6 16. Bf3 c6 17. e4 Bc5 18. Nd2 Be7 19. Bxe7 Qxe7 20. Qg6+ Kd8 21.
exd5 Kc7 22. d6+ Kb6 23. dxe7 1-0

[Event "AUTO-INT-2872"]
[Site "http://www.queenalice.com/game.php?id=1290285"]
[Date "2014.6.24"]
[Round "1"]
[White "ZKTIE"]
[Black "B07109"]
[Result "0-1"]
[WhiteElo "1417"]
[BlackElo "2109"]

1. e4 d6 2. d4 Nf6 3. e5 dxe5 4. dxe5 Qxd1+ 5. Kxd1 Ng4 6. Ke1 Nxe5 7. Bb5+ Bd7
8. Nc3 c6 9. Ba4 b5 10. Bb3 e6 11. Nf3 Nxf3+ 12. gxf3 c5 13. Be3 c4 14. Ne4 cxb3
15. cxb3 Nc6 16. Rd1 Nb4 17. Nd6+ Bxd6 18. Rxd6 Nc2+ 19. Kd2 Nxe3 20. Kxe3 Ke7
21. Rhd1 Rhd8 22. Ke4 Bc6+ 23. Kf4 Rxd6 24. Re1 Rd3 25. Rc1 Rxf3+ 26. Kg4 f5+
27. Kg5 Be8 28. Rc7+ Kf8 29. h4 h6# 0-1